| 000 | 00951cam a2200229 4500 | ||
|---|---|---|---|
| 001 | WB3741-22 | ||
| 008 | 011030n2001 000 0 eng u | ||
| 035 | _a(Sirsi) u115400 | ||
| 245 | _aCanal renewal boosts economy | ||
| 260 | _c2001 | ||
| 490 |
_aRegeneration and Renewal _v26 October 2001, 10(1) |
||
| 520 | _aAccording to a report commissioned by British Waterways and carried out by research consultancy Ecotec, the regeneration of Britain's waterways has delivered widespread benefits to local economies. The report examines the economic benefits of six waterfront regeneration schemes across Britain. "Economic Impacts of Waterway Development Schemes Vol III" is available from British Waterways, tel 01923 201329. | ||
| 590 | _aWB | ||
| 650 | _aCANALS | ||
| 650 | _aWATERWAYS | ||
| 650 | _aLOCAL ECONOMY | ||
| 650 | _aBRITISH WATERWAYS | ||
| 650 | _aRESEARCH | ||
| 650 | _aJOB CREATION | ||
| 690 | _aREGENERATION | ||
| 942 | _n0 | ||
| 999 |
_c68722 _d68722 |
||